[Event "I Memorial Victor Hugo de Souza - ALEX 2017"]
[Site "Rio de Janeiro | BRA"]
[Date "2017.08.29"]
[Round "1.1"]
[White "Bandeira, Elias"]
[Black "Von Calmbach, Guilherme"]
[Result "1-0"]
[WhiteElo "2084"]
[BlackElo "1721"]

1. e4 c5 2. c3 Nc6 3. Nf3 d6 4. d4 Bg4 5. d5 Bxf3 6. Qxf3 Ne5 7. Bb5+ Nd7 8.
a4 a6 9. Bxd7+ Qxd7 10. O-O Nf6 11. h3 e5 12. dxe6 fxe6 13. Nd2 Be7 14. Nc4
Qc6 15. Re1 b5 16. axb5 axb5 17. Na5 Qc8 18. e5 Nd5 19. exd6 Bxd6 20. Qxd5 Be7
21. Rxe6 Ra6 22. Rxe7+ Kxe7 23. Bg5+ Kf8 24. Re1 Ra7 25. Nc6 Rd7 26. Qf5+ Kg8
27. Ne7+ {#r} 1-0

[Event "I Memorial Victor Hugo de Souza - ALEX 2017"]
[Site "Rio de Janeiro | BRA"]
[Date "2017.08.29"]
[Round "1.2"]
[White "Labre, Diogenes"]
[Black "Mesquita, Jose Carlos"]
[Result "1-0"]
[WhiteElo "1705"]
[BlackElo "1958"]

1. e4 e5 2. f4 exf4 3. Bc4 d6 4. Nf3 h6 5. h4 Nf6 6. Nc3 Be7 7. d4 Nh5 8. Ne2
Bg4 9. Nxf4 Nxf4 10. Bxf4 Bxh4+ 11. g3 Be7 12. Qd3 g5 13. Bd2 Nc6 14. Bc3 Bf6
15. Rf1 O-O 16. O-O-O a6 17. Rf2 b5 18. Bd5 Qd7 19. Rdf1 Be6 20. Bxc6 Qxc6 21.
d5 Qe8 22. Bxf6 Bg4 23. Rh1 h5 24. Rxh5 Bxh5 25. Rh2 Kh7 26. e5+ Kh6 27. g4
{#r} 1-0

[Event "I Memorial Victor Hugo de Souza - ALEX 2017"]
[Site "Rio de Janeiro | BRA"]
[Date "2017.08.29"]
[Round "1.3"]
[White "Murilo, Sergio"]
[Black "Da Costa, Carlos Henrique"]
[Result "1-0"]
[WhiteElo "1953"]
[BlackElo "1688"]

1. e4 e6 2. Nc3 d5 3. g3 Nf6 4. Bg2 dxe4 5. Nxe4 Nbd7 6. d3 Be7 7. Ne2 Nxe4 8.
dxe4 O-O 9. Bf4 e5 10. Be3 Nc5 11. O-O Bg4 12. Qxd8 Raxd8 13. Nc3 c6 14. h3
Be6 15. g4 Bc4 16. Rfd1 a6 17. a3 Ne6 18. b3 Nd4 19. Rd2 Be6 20. f4 f6 21. f5
Bf7 22. Kf2 Bc5 23. b4 Ba7 24. Bf1 Rd7 25. Ne2 Rfd8 26. c3 Nb3 27. Rxd7 Bxe3+
28. Kxe3 Rxd7 29. Ra2 Na5 30. Ra1 Nc4+ 31. Kf2 Nd2 32. Bg2 Nc4 33. a4 Nb2 34.
b5 Bc4 35. bxc6 bxc6 36. Rb1 Rd2 37. Bf3 Nxa4 38. Rb4 Bb5 39. c4 c5 40. Rb3
Bd7 41. Ke3 Rd6 42. Nc1 Nb6 43. Be2 Ba4 44. Rb2 Nd7 45. Ra2 Nb6 46. Rb2 Bd1
47. Bd3 a5 48. Rb5 a4 49. Rxc5 a3 50. Ra5 Rc6 51. c5 Bc2 52. cxb6 Bxd3 53. b7
Rb6 54. Ra8+ Kf7 55. b8=Q Rxb8 56. Rxb8 Bf1 57. h4 Bh3 58. Kf3 h5 59. gxh5 Bf1
60. Ra8 Bc4 61. Rxa3 Kg8 62. h6 gxh6 63. Ra7 Bf7 64. Nd3 Bh5+ 65. Ke3 Bd1 66.
Nc5 h5 67. Ne6 Bb3 68. Rg7+ Kh8 69. Rg6 {#r} 1-0

[Event "I Memorial Victor Hugo de Souza - ALEX 2017"]
[Site "Rio de Janeiro | BRA"]
[Date "2017.08.29"]
[Round "1.4"]
[White "Pereira, Emmanuel"]
[Black "Lima, Juarez"]
[Result "1-0"]
[WhiteElo "1687"]
[BlackElo "1949"]

1. e4 e5 2. Nf3 d5 3. exd5 Qxd5 4. Nc3 Qe6 5. Qe2 Nc6 6. Nb5 Bd6 7. d3 Nge7 8.
Bd2 O-O 9. Ng5 Qg6 10. Nxd6 cxd6 11. h4 h5 12. O-O-O Nd4 13. Qe4 f5 14. Qe1
Be6 15. Nxe6 Qxe6 16. Kb1 a5 17. Bc3 Nec6 18. Rc1 b5 19. Bxd4 Nxd4 20. c3 Nc6
21. d4 Rab8 22. Rd1 Qf6 23. dxe5 dxe5 24. Rd5 b4 25. c4 Rfe8 26. Qd1 Qf7 27.
Be2 g6 28. c5 Nd4 29. Bc4 Nc6 30. b3 Kh8 31. Rd6 Qg7 32. Rxc6 a4 33. Qd6 axb3
34. Bxb3 Red8 35. Qxg6 Qxg6 36. Rxg6 Rd2 37. Rf1 Kh7 38. Rd6 Rxd6 39. cxd6 Kg6
40. d7 Kf6 41. Rd1 Rd8 42. Ba4 Ke6 43. Kb2 e4 44. g3 Kf6 45. Kb3 Ke7 46. Kxb4
Rb8+ 47. Bb5 Kd8 48. a4 Ra8 49. Rd5 Rb8 50. Kc5 Rb7 51. Re5 Kc7 52. Re8 Rxb5+
53. Kxb5 Kxd7 54. Rh8 Ke6 {#r} 1-0

[Event "I Memorial Victor Hugo de Souza - ALEX 2017"]
[Site "Rio de Janeiro | BRA"]
[Date "2017.08.29"]
[Round "1.5"]
[White "Cruz, Jose Carlos"]
[Black "Negreiros, Diogenes"]
[Result "1-0"]
[WhiteElo "1879"]
[BlackElo "1643"]

1. e4 c5 2. Nf3 d6 3. d4 cxd4 4. Nxd4 Nf6 5. Nc3 a6 6. Bd3 Nc6 7. Nce2 g6 8.
c3 Bg7 9. O-O O-O 10. b3 Bd7 11. Bb2 d5 12. Nxc6 Bxc6 13. e5 Ng4 14. Nd4 Nxe5
15. Nxc6 bxc6 16. Be2 Qc7 17. Rc1 e6 18. Qc2 f5 19. c4 Rac8 20. cxd5 exd5 21.
Bxa6 Ra8 22. Bxe5 Bxe5 23. Qxc6 Bxh2+ 24. Kh1 Qxc6 25. Rxc6 Be5 26. Re6 Rfd8
27. Rd1 d4 28. Bc4 Bh8 29. Rxg6+ Kf8 30. Rg5 Ke7 31. Rxf5 Rxa2 32. f3 Kd6 33.
Rf7 Kc5 34. Rxh7 Kb4 35. Rh3 Be5 36. Rh5 Bf4 37. Rh4 Bg3 38. Rh3 Bf2 39. f4
Rc2 40. Be6 Re8 41. f5 Rc3 42. Rdd3 Be3 43. Rxc3 dxc3 44. Rxe3 c2 45. Re1 Rd8
46. Re4+ Ka3 47. Rc4 Rd1+ 48. Kh2 Kxb3 49. Rxc2+ Kxc2 50. g4 Rd2+ 51. Kg3 Rd1
52. f6 Rf1 53. f7 Kd3 54. Bf5+ {#r} 1-0

[Event "I Memorial Victor Hugo de Souza - ALEX 2017"]
[Site "Rio de Janeiro | BRA"]
[Date "2017.09.01"]
[Round "2.1"]
[White "Loyola, Sidney"]
[Black "Bandeira, Elias"]
[Result "1-0"]
[WhiteElo "1823"]
[BlackElo "2084"]

1. d4 e6 2. Nf3 c5 3. Bg5 Nf6 4. e3 Nc6 5. c3 cxd4 6. exd4 d5 7. Bd3 Be7 8.
O-O O-O 9. Re1 h6 10. Bh4 b6 11. Nbd2 Bb7 12. Ne5 Rc8 13. f4 Nh7 14. Bxe7 Nxe7
15. Qh5 Nf6 16. Qh3 Nc6 17. g4 Nxe5 18. dxe5 Ne4 19. Nxe4 dxe4 20. Bxe4 Bxe4
21. Rxe4 Qd2 22. Qg2 Rfd8 23. Rae1 Qd5 24. a3 Qc5+ 25. Qf2 Rd2 26. Qxc5 Rxc5
27. R1e2 Rxe2 28. Rxe2 Rc4 29. Rf2 g5 30. fxg5 Rxg4+ 31. Rg2 Rxg5 32. Rxg5+
hxg5 33. Kf2 Kg7 34. Kf3 f5 35. exf6+ Kxf6 36. Ke4 e5 37. a4 Ke6 38. b4 Kf6
39. c4 Ke6 40. c5 bxc5 41. bxc5 a5 42. h3 Kf6 43. Kd5 e4 44. Kxe4 Ke6 45. Kd4
{#r} 1-0

[Event "I Memorial Victor Hugo de Souza - ALEX 2017"]
[Site "Rio de Janeiro | BRA"]
[Date "2017.09.05"]
[Round "2.2"]
[White "Rabello, David"]
[Black "Murilo, Sergio"]
[Result "0-1"]
[WhiteElo "1814"]
[BlackElo "1953"]

1. e4 c5 2. Nf3 Nc6 3. c3 d6 4. d4 Bg4 5. Be2 Qb6 6. d5 Bxf3 7. Bxf3 Ne5 8.
Qa4+ Nd7 9. Nd2 Nf6 10. Nc4 Qc7 11. Bf4 a6 12. Qc2 b5 13. e5 dxe5 14. d6 exd6
15. Bxa8 bxc4 16. Bg5 Be7 17. Bf3 O-O 18. O-O h6 19. Bxf6 Nxf6 20. Qa4 Qb6 21.
Qxc4 Ne8 22. b3 Nc7 23. Rad1 Ne6 24. Bg4 Nf4 25. g3 Ng6 26. Bf5 Nh8 27. Rfe1
g6 28. Bc2 Kg7 29. f4 Bf6 30. Rd5 exf4 31. gxf4 Qa5 32. b4 Qa3 33. bxc5 Bxc3
34. Red1 dxc5 35. Rxc5 Bf6 36. Rc7 Qa5 37. Bb3 Qf5 38. Ra7 Qg4+ 39. Kf1 Qf3+
{#R} 0-1

[Event "I Memorial Victor Hugo de Souza - ALEX 2017"]
[Site "Rio de Janeiro | BRA"]
[Date "2017.09.05"]
[Round "2.3"]
[White "Pinon, Antonio"]
[Black "Cruz, Jose Carlos"]
[Result "0-1"]
[WhiteElo "1784"]
[BlackElo "1879"]

1. d4 d5 2. Nf3 Nf6 3. Bf4 e6 4. e3 Nc6 5. Nbd2 Bd6 6. Bg3 b6 7. Bb5 Bd7 8.
Bxd6 cxd6 9. c3 a6 10. Bd3 e5 11. e4 O-O 12. exd5 Nxd5 13. dxe5 Nxe5 14. Nxe5
dxe5 15. Be4 Bc6 16. O-O f5 17. Bc2 Nf4 18. Bb3+ Kh8 19. Nf3 Qf6 20. Kh1 Rad8
21. Qe1 Nxg2 22. Qxe5 Bxf3 23. Qxf6 Nf4+ 24. Kg1 Nh3# 0-1

[Event "I Memorial Victor Hugo de Souza - ALEX 2017"]
[Site "Rio de Janeiro | BRA"]
[Date "2017.09.05"]
[Round "2.5"]
[White "Mesquita, Jose Carlos"]
[Black "Pereira, Emmanuel"]
[Result "1-0"]
[WhiteElo "1958"]
[BlackElo "1687"]

1. e4 c6 2. d4 d5 3. f3 dxe4 4. fxe4 e6 5. Nf3 Nd7 6. Bd3 c5 7. c3 cxd4 8.
cxd4 Bb4+ 9. Nc3 Ne7 10. O-O O-O 11. Bg5 h6 12. Qb3 Qe8 13. Qxb4 {#r} 1-0

[Event "I Memorial Victor Hugo de Souza - ALEX 2017"]
[Site "Rio de Janeiro | BRA"]
[Date "2017.09.05"]
[Round "2.6"]
[White "Lima, Juarez"]
[Black "Negreiros, Diogenes"]
[Result "1-0"]
[WhiteElo "1949"]
[BlackElo "1643"]

1. e4 c5 2. Bc4 d6 3. Nf3 Nf6 4. Nc3 Nc6 5. h3 a6 6. d4 cxd4 7. Nxd4 g6 8. O-O
Bg7 9. Nde2 O-O 10. Ng3 b5 11. Bd3 Bb7 12. Re1 Qc7 13. Rb1 Rad8 14. Bf4 Ne5
15. Qd2 Nc4 16. Bxc4 bxc4 17. Bh6 Rfe8 18. Bxg7 Kxg7 19. Qg5 e6 20. Re3 d5 21.
Rf3 Nxe4 22. Ncxe4 dxe4 23. Nh5+ Kf8 24. Qh6+ Ke7 25. Rxf7+ {#r} 1-0

[Event "I Memorial Victor Hugo de Souza - ALEX 2017"]
[Site "Rio de Janeiro | BRA"]
[Date "2017.09.12"]
[Round "3.1"]
[White "Rolim, Carlos"]
[Black "Murilo, Sergio"]
[Result "1-0"]
[WhiteElo "1864"]
[BlackElo "1953"]

1. d4 Nf6 2. c4 e5 3. d5 Bc5 4. Nc3 d6 5. h3 a6 6. Nf3 h6 7. e4 O-O 8. a3 Nbd7
9. Bd3 Re8 10. O-O Nf8 11. b4 Ba7 12. Na4 Ng6 13. c5 Qe7 14. Be3 Nh5 15. Rc1
Nhf4 16. Kh2 Qf6 17. Bb1 Kh7 18. Nb2 Kh8 19. Qd2 Nxh3 20. cxd6 Bg4 21. Bxa7
Rxa7 22. Qe3 Raa8 23. dxc7 Nhf4 24. g3 Ne2 25. Qxe2 Bxf3 26. Qe3 Rac8 27. Rc3
Bg4 28. f3 Bd7 29. Nd3 Bb5 30. Rf2 Bxd3 31. Bxd3 Re7 32. Qa7 Qd6 33. Rfc2 b5
34. Bf1 f5 35. Rc6 Qd7 36. Bh3 Rf7 37. Rxg6 Rxc7 38. Rxc7 Qxc7 39. Qxc7 Rxc7
40. Bxf5 {#r} 1-0

[Event "I Memorial Victor Hugo de Souza - ALEX 2017"]
[Site "Rio de Janeiro | BRA"]
[Date "2017.09.12"]
[Round "3.2"]
[White "Cruz, Jose Carlos"]
[Black "Loyola, Sidney"]
[Result "0-1"]
[WhiteElo "1879"]
[BlackElo "1823"]

1. e4 c6 2. d4 d5 3. e5 Bf5 4. Nd2 e6 5. Ne2 c5 6. c3 Bd3 7. Nf3 c4 8. g3 Be7
9. Bg2 Be4 10. b4 h5 11. h4 Nh6 12. Nf4 g6 13. Bd2 a5 14. b5 a4 15. Qc1 Ng4
16. a3 Qb6 17. Ng5 Bxg2 18. Nxg2 Nd7 19. f3 Ndxe5 20. fxg4 Nd3+ 21. Ke2 Nxc1+
22. Rhxc1 f6 23. Nf3 hxg4 24. Nh2 e5 25. Be3 exd4 26. Bxd4 Bc5 27. Rd1 O-O-O
28. Nxg4 Qe6+ 29. Kf1 Bxd4 30. Rxd4 Rhe8 31. Nf4 Qxg4 {#R} 0-1

[Event "I Memorial Victor Hugo de Souza - ALEX 2017"]
[Site "Rio de Janeiro | BRA"]
[Date "2017.09.12"]
[Round "3.3"]
[White "Bandeira, Elias"]
[Black "Pinon, Antonio"]
[Result "1-0"]
[WhiteElo "2084"]
[BlackElo "1784"]

1. e4 Nc6 2. d4 e5 3. d5 Nce7 4. Nf3 Ng6 5. c4 Nf6 6. Nc3 Bb4 7. Qc2 O-O 8.
Be2 d6 9. O-O Bxc3 10. bxc3 h6 11. Be3 Ng4 12. Bd2 b6 13. h3 Nf6 14. Rfe1 Nh7
15. Be3 f5 16. exf5 Bxf5 17. Bd3 Bxd3 18. Qxd3 Nf4 19. Bxf4 Rxf4 20. Re4 Qf6
21. Rae1 Rf8 22. Rxf4 Qxf4 23. Qe4 a5 24. Qxf4 Rxf4 25. Nd2 Kf7 26. f3 Ng5 27.
Kf2 Kg6 28. g3 Rf8 29. h4 Nh7 30. Nb1 Kf6 31. Na3 Ke7 32. Nb5 Kd7 33. Na7 g5
34. hxg5 Nxg5 35. Re3 h5 36. Nc6 Nh7 37. Kg2 Ng5 38. f4 exf4 39. Re7+ Kc8 40.
gxf4 Nf7 41. Nd4 Nd8 42. Kf3 Kb7 43. Nb5 Rf7 44. Nxd6+ {#r} 1-0

[Event "I Memorial Victor Hugo de Souza - ALEX 2017"]
[Site "Rio de Janeiro | BRA"]
[Date "2017.09.12"]
[Round "3.4"]
[White "Da Costa, Carlos Henrique"]
[Black "Mesquita, Jose Carlos"]
[Result "0-1"]
[WhiteElo "1688"]
[BlackElo "1958"]

1. d4 d5 2. Bf4 c5 3. c3 Nc6 4. e3 Qb6 5. Qb3 c4 6. Qxb6 axb6 7. Nf3 e6 8. Be2
b5 9. O-O b4 10. Nbd2 b5 11. cxb4 Nxb4 12. a3 Nc6 13. Ne5 Nxe5 14. Bxe5 Nf6
15. Rfc1 Be7 16. h3 O-O 17. Bd1 Bd7 18. Bc2 Rfc8 19. Bd1 b4 20. a4 b3 21. a5
Bb4 22. Nf3 Bxa5 23. Bxb3 Bb4 24. Bc2 Bc6 25. b3 c3 26. Bxf6 gxf6 27. Bd3 Bb7
28. Ne1 Ba3 29. Rcb1 Bb2 30. Rxa8 Rxa8 31. Nc2 Ba6 32. Ne1 Bxd3 33. Nxd3 Ra2
34. Nb4 Ra3 35. Kf1 Rxb3 36. Nc2 e5 37. Ke2 Kf8 38. Kd1 Rb8 39. Ne1 e4 40. g3
Ke7 41. Ng2 Rc8 42. Kc2 Rc6 43. Nf4 Kd6 44. Ne2 Rc4 45. Nf4 Rc6 46. h4 f5 47.
Rh1 Ra6 48. Ne2 Ra2 49. Nxc3 Bxc3+ 50. Kxc3 Rxf2 51. Ra1 Rf3 52. Ra6+ Ke7 53.
Kd2 Rxg3 54. Rh6 Rg7 55. Rb6 f6 56. Ke2 h5 57. Kf2 Rg4 58. Rb7+ Kf8 59. Rd7
Rxh4 60. Rxd5 f4 61. Rf5 fxe3+ 62. Kxe3 Ke7 63. d5 Kd6 64. Kd4 Ke7 65. d6+ Ke6
66. Rf1 Rg4 67. d7 Kxd7 68. Rxf6 h4 69. Rh6 Ke7 70. Ke3 Kf7 71. Kd4 Kg7 72.
Re6 h3 73. Re7+ Kg6 74. Re8 Rh4 75. Rg8+ Kf5 76. Ke3 h2 77. Rf8+ Ke6 78. Rf1
h1=Q 79. Rxh1 Rxh1 80. Kxe4 Rh4+ 81. Kf3 Kf5 82. Ke3 Rf4 83. Ke2 Ke4 84. Kd2
Kd4 85. Ke2 Rf5 86. Kd2 {#R} 0-1

[Event "I Memorial Victor Hugo de Souza - ALEX 2017"]
[Site "Rio de Janeiro | BRA"]
[Date "2017.09.12"]
[Round "3.5"]
[White "Telek, Ian"]
[Black "Lima, Juarez"]
[Result "0-1"]
[WhiteElo "1687"]
[BlackElo "1949"]

1. e4 c5 2. Nc3 e6 3. g3 d5 4. d3 d4 5. Nce2 Nc6 6. Bg2 Nf6 7. h3 Bd6 8. f4 e5
9. f5 b6 10. Nf3 Bb7 11. O-O Qd7 12. g4 O-O-O 13. a3 h6 14. Bd2 Qe7 15. Rb1 g6
16. Qe1 gxf5 17. exf5 Bc7 18. b4 Nd5 19. Ng3 Nf6 20. Qc1 c4 21. Bxh6 Nd7 22.
Ne4 f6 23. Bd2 c3 24. Be1 Rh7 25. Bg3 a5 26. bxa5 Nxa5 27. a4 Bxe4 28. dxe4
Nc5 29. Ne1 Nxa4 30. Nd3 Nc4 31. Ra1 Nab2 32. Be1 Kb7 33. Ra2 Ra8 34. Rxa8
Kxa8 35. Qa1+ Kb7 36. Qc1 Bd6 37. Bg3 Qg7 38. Qe1 Qh6 39. Qe2 Nxd3 40. Qxd3
Ne3 41. Rf2 Nxg2 42. Rxg2 Bc5 43. h4 Rg7 44. Kh2 Rxg4 45. Qf3 Qh5 46. Qd3 Qe8
47. Qf3 Rg7 48. Qd3 b5 49. Rg1 Kb6 50. Rb1 Ra7 51. Kg2 Ra2 52. h5 Rb2 53. Rxb2
cxb2 54. Qd1 Qf7 55. Qb1 Ba3 56. h6 b4 57. h7 Qxh7 58. Qa2 Qc7 59. Qb3 Qc6 60.
Kg1 Qxe4 61. Qe6+ Qc6 62. Qb3 d3 63. cxd3 Qc1+ 64. Kh2 b1=Q 65. Qe6+ Qc6 66.
Bf2+ Kb5 67. Qxc6+ Kxc6 68. Kg3 Qxd3+ 69. Kg2 Qxf5 70. Bg3 Kd5 71. Kh2 Ke4 72.
Kg2 Qg4 73. Kh2 Kf3 74. Kh1 Qh3+ 75. Bh2 {#R} 0-1

[Event "I Memorial Victor Hugo de Souza - ALEX 2017"]
[Site "Rio de Janeiro | BRA"]
[Date "2017.09.12"]
[Round "3.6"]
[White "Pereira, Emmanuel"]
[Black "Rabello, David"]
[Result "1-0"]
[WhiteElo "1687"]
[BlackElo "1814"]

1. f4 d5 2. Nf3 Bg4 3. g3 Nc6 4. Bg2 Nf6 5. d3 Bxf3 6. Bxf3 e6 7. e3 Bc5 8.
Nc3 O-O 9. Bd2 d4 10. Na4 Be7 11. Bxc6 bxc6 12. e4 c5 13. b3 Qd7 14. Nb2 Ne8
15. Nc4 f6 16. O-O Nd6 17. Nxd6 cxd6 18. f5 e5 19. Qg4 Kh8 20. h4 d5 21. Rae1
c4 22. h5 Rg8 23. Kf2 cxd3 24. cxd3 Qb5 25. Qf3 dxe4 26. Rxe4 Rac8 27. Rc1
Rxc1 28. Bxc1 Qc6 29. Bb2 Rc8 30. g4 Qc2+ 31. Re2 Qb1 32. Bxd4 exd4 33. Rxe7
Qxa2+ 34. Qe2 Qxe2+ 35. Kxe2 a6 36. Rd7 Kg8 37. Kd2 Rc3 38. b4 a5 39. bxa5 Ra3
40. Ra7 Ra2+ 41. Kc1 Ra3 42. Kc2 Ra2+ 43. Kb3 Rg2 44. a6 Rg1 45. Rd7 Rb1+ 46.
Kc4 Rb8 47. a7 {#r} 1-0

[Event "I Memorial Victor Hugo de Souza - ALEX 2017"]
[Site "Rio de Janeiro | BRA"]
[Date "2017.09.19"]
[Round "4.1"]
[White "Rolim, Carlos"]
[Black "Loyola, Sidney"]
[Result "0-1"]
[WhiteElo "1864"]
[BlackElo "1823"]

1. d4 Nf6 2. c4 e6 3. Nc3 Bb4 4. Bg5 h6 5. Bh4 Be7 6. e4 Nxe4 7. Bxe7 Nxc3 8.
Qg4 Kxe7 9. bxc3 Qf8 10. Bd3 d6 11. Ne2 f5 12. Qg3 g5 13. O-O Qf6 14. Rfe1 Bd7
15. Rab1 b6 16. Qf3 Nc6 17. Ng3 Kf7 18. Qh5+ Qg6 19. Qe2 Rae8 20. Nf1 e5 21.
d5 e4 22. Bc2 Ne5 23. Nd2 h5 24. a4 a5 25. h3 g4 26. Kh2 Qg5 27. Qe3 Qxe3 28.
fxe3 Rhg8 29. Rf1 Ke7 30. Rf4 Ref8 31. Rbf1 Nd3 32. Bxd3 exd3 33. Rd4 Bxa4 34.
Rxd3 Bd7 35. Rd4 Rg7 36. Rdf4 Rfg8 37. h4 g3+ 38. Kh3 Rg4 39. Nb3 Rxf4 40.
Rxf4 Rg4 41. Nd4 Rxf4 42. exf4 a4 43. Kxg3 a3 44. Nc2 a2 45. Kf3 Ba4 46. Na1
Kd7 47. Ke3 b5 48. Kd4 c5+ 49. dxc6+ Kxc6 50. cxb5+ Bxb5 51. c4 Ba4 52. Kc3
Kc5 53. g3 Bd1 54. Kd2 Ba4 55. Kc3 d5 56. cxd5 Kxd5 57. Kd3 Bb5+ 58. Kc3 Ke4
59. Kd2 Ba4 60. Kc1 Kd3 61. Kb2 Ke3 62. Kc3 Kf3 63. Kd4 Kxg3 64. Ke5 Kg4 65.
Kd4 Kxh4 66. Kd3 Kg4 67. Ke3 Kg3 {#R} 0-1

[Event "I Memorial Victor Hugo de Souza - ALEX 2017"]
[Site "Rio de Janeiro | BRA"]
[Date "2017.09.19"]
[Round "4.2"]
[White "Lima, Juarez"]
[Black "Bandeira, Elias"]
[Result "1-0"]
[WhiteElo "1949"]
[BlackElo "2084"]

1. e4 c5 2. Nc3 d6 3. d3 g6 4. Nf3 Nc6 5. Be2 Bg7 6. O-O Nf6 7. Bf4 O-O 8. Qd2
a6 9. Bh6 b5 10. Bxg7 Kxg7 11. Nd1 d5 12. exd5 Qxd5 13. Ne3 Qd6 14. c3 Bb7 15.
Nh4 e6 16. Bf3 Rfd8 17. Rad1 Rab8 18. g3 Ne5 19. Bxb7 Rxb7 20. d4 Nc6 21. Nf3
Rbd7 22. Qe2 cxd4 23. Nxd4 Nxd4 24. Rxd4 Qc6 25. Rxd7 Rxd7 26. Rd1 Qe4 27.
Rxd7 Nxd7 28. b3 Ne5 29. f4 Ng4 30. Qxg4 Qxe3+ 31. Kf1 Qxc3 32. Qe2 Qc5 33.
Kg2 h5 34. h4 Qd5+ 35. Kh2 Kf6 36. Qb2+ Ke7 37. Qf2 Qc6 38. Qa7+ Kf8 39. Qb8+
Ke7 40. Qa7+ Kf6 41. Qd4+ Kf5 42. g4+ Kxg4 43. Qg1+ Kxf4 44. Qg5+ {#r} 1-0

[Event "I Memorial Victor Hugo de Souza - ALEX 2017"]
[Site "Rio de Janeiro | BRA"]
[Date "2017.09.19"]
[Round "4.3"]
[White "Mesquita, Jose Carlos"]
[Black "Cruz, Jose Carlos"]
[Result "1-0"]
[WhiteElo "1958"]
[BlackElo "1879"]

1. e4 e5 2. Nf3 d6 3. d4 Bg4 4. dxe5 Bxf3 5. Qxf3 dxe5 6. Bc4 f6 7. Qb3 Qd6 8.
Bxg8 Qb4+ 9. Qxb4 Bxb4+ 10. c3 Rxg8 11. cxb4 Nc6 12. Bd2 Nd4 13. Na3 O-O-O 14.
Be3 Ne6 15. O-O g6 16. Rad1 f5 17. Rxd8+ Nxd8 18. Nc4 Re8 19. exf5 gxf5 20. g3
b5 21. Nd2 a6 22. Re1 Nf7 23. Kf1 Nd6 24. Bc5 Nf7 25. f3 h5 26. h4 Kd7 27. Kf2
Nh6 28. Be3 Nf7 29. Nb3 Ra8 30. Rd1+ Kc6 31. Na5# 1-0

[Event "I Memorial Victor Hugo de Souza - ALEX 2017"]
[Site "Rio de Janeiro | BRA"]
[Date "2017.09.19"]
[Round "4.4"]
[White "Murilo, Sergio"]
[Black "Pereira, Emmanuel"]
[Result "1-0"]
[WhiteElo "1953"]
[BlackElo "1687"]

1. e4 c6 2. Nc3 d5 3. Nf3 dxe4 4. Nxe4 Bf5 5. Ng3 Bg6 6. h4 h6 7. Ne5 Bh7 8.
Bc4 e6 9. Qe2 Nd7 10. Nxf7 Qf6 11. Nxh8 Ne5 12. Bb3 O-O-O 13. a3 Bc5 14. Nh5
Qf8 15. f4 Nd7 16. d3 Re8 17. Bd2 Ngf6 18. Nxf6 Qxf6 19. O-O-O Bxa3 20. Bc3
Qxf4+ 21. Kb1 Bd6 22. Rdf1 {#r} 1-0

[Event "I Memorial Victor Hugo de Souza - ALEX 2017"]
[Site "Rio de Janeiro | BRA"]
[Date "2017.09.19"]
[Round "4.5"]
[White "Rabello, David"]
[Black "Von Calmbach, Guilherme"]
[Result "1-0"]
[WhiteElo "1814"]
[BlackElo "1721"]

1. e4 c5 2. Nf3 Nc6 3. c3 g6 4. d4 cxd4 5. cxd4 d6 6. Bc4 e6 7. O-O Bg7 8. d5
Ne5 9. Nxe5 dxe5 10. Qa4+ Bd7 11. Qb3 Qb6 12. dxe6 Bxe6 13. Bxe6 fxe6 14. Qa4+
Kf7 15. Rd1 Rc8 16. Na3 Qc5 17. Be3 b5 18. Nxb5 Qc2 19. Qxa7+ Kf6 20. Nd6 Rd8
{#r} 1-0

[Event "I Memorial Victor Hugo de Souza - ALEX 2017"]
[Site "Rio de Janeiro | BRA"]
[Date "2017.09.19"]
[Round "4.8"]
[White "Negreiros, Diogenes"]
[Black "Telek, Ian"]
[Result "1/2-1/2"]
[WhiteElo "1643"]
[BlackElo "1687"]

1. e4 c5 2. Nf3 e6 3. d4 cxd4 4. Nxd4 a6 5. Nc3 Qc7 6. Be2 Bb4 7. Bd2 Nf6 8.
f3 O-O 9. a3 Be7 10. Be3 b5 11. O-O Bb7 12. Kh1 d6 13. Qe1 Nbd7 14. Bd3 Rac8
15. Rd1 Ne5 16. Qg3 Kh8 17. Nde2 Nc4 18. Bc1 Ne5 19. Nf4 Nxd3 20. Rxd3 e5 21.
Nfd5 Nxd5 22. Nxd5 Bxd5 23. Rxd5 Qxc2 24. h4 Qc4 25. Rfd1 Rc5 26. R5d3 Qe6 27.
Bd2 h6 28. Bb4 Rc6 29. Qf2 Rd8 30. Kh2 Kg8 31. g3 Rdc8 32. Bc3 Ra8 33. f4 f6
34. fxe5 fxe5 35. Rf3 Rf8 36. Rxf8+ Bxf8 37. Rf1 Qe7 38. Qd2 Rc7 39. Qd5+ Kh7
40. Qa8 Kg8 41. Qxa6 Qd7 42. Qa8 Rc8 43. Qd5+ Kh8 {#d} 1/2-1/2

[Event "I Memorial Victor Hugo de Souza - ALEX 2017"]
[Site "Rio de Janeiro | BRA"]
[Date "2017.09.26"]
[Round "5.1"]
[White "Loyola, Sidney"]
[Black "Mesquita, Jose Carlos"]
[Result "1-0"]
[WhiteElo "1823"]
[BlackElo "1958"]

1. d4 c5 2. e3 Nf6 3. Nf3 e6 4. Bd3 d5 5. b3 b6 6. Bb2 Ba6 7. Qe2 Bxd3 8. Qxd3
Be7 9. O-O O-O 10. Nbd2 Nbd7 11. Ne5 Rc8 12. f4 g6 13. Rf3 Nxe5 14. fxe5 Nh5
15. g4 Ng7 16. Raf1 f5 17. exf6 Rxf6 18. dxc5 Rxf3 19. Rxf3 bxc5 20. Qf1 Qe8
21. Qh3 Bg5 22. Qg3 Qe7 23. Qe5 h6 24. h4 Bxh4 25. Qh2 Rf8 26. Rxf8+ Kxf8 27.
Qb8+ Ne8 28. Qf4+ Kg8 29. Qxh6 Qh7 30. Qxh7+ Kxh7 31. e4 Nf6 32. Nf3 Nxg4 33.
Nxh4 Ne3 34. exd5 exd5 35. Ng2 Nd1 36. Ba1 g5 37. Kf1 d4 38. Ke2 Ne3 39. Nxe3
dxe3 40. Kxe3 Kg6 41. Ke4 Kf7 42. Kd5 Ke7 43. Kxc5 Kd7 44. Kb5 Kc7 45. Ka6 Kb8
46. Bd4 {#r} 1-0

[Event "I Memorial Victor Hugo de Souza - ALEX 2017"]
[Site "Rio de Janeiro | BRA"]
[Date "2017.09.26"]
[Round "5.2"]
[White "Murilo, Sergio"]
[Black "Lima, Juarez"]
[Result "0-1"]
[WhiteElo "1953"]
[BlackElo "1949"]

1. e4 Nc6 2. Nc3 e5 3. Nf3 d6 4. Bc4 Be7 5. h3 Nf6 6. d4 exd4 7. Nxd4 O-O 8.
Be3 Ne5 9. Be2 c6 10. Qd2 Qc7 11. f4 Ned7 12. Nf5 Nb6 13. Ng3 Be6 14. O-O-O
Nc4 15. Bxc4 Bxc4 16. Nf5 Rad8 17. g4 Qd7 18. Ng3 d5 19. e5 Ne8 20. b3 Ba6 21.
Na4 b6 22. Kb1 c5 23. Nf5 Nc7 24. Bf2 Rfe8 25. Rhe1 Bf8 26. Bh4 Rc8 27. Nb2
Bb7 28. c4 d4 29. Qf2 Bc6 30. Ng3 a5 31. Ne4 a4 32. Bg3 axb3 33. axb3 Na6 34.
f5 Qb7 35. Qf4 Bxe4+ 36. Qxe4 Qb8 37. Qf3 Qa7 38. Nd3 Ra8 39. Qe2 Nb4 40. Qb2
Qa5 41. Nc1 b5 42. e6 fxe6 43. Rxe6 Rxe6 44. fxe6 bxc4 45. bxc4 Be7 46. Nd3
Na2 47. Kc2 Qa6 48. Qb5 Qa3 49. Qb3 Qa5 50. Be1 Qa3 51. Ra1 Nb4+ 52. Bxb4 Qxa1
53. Bd2 Qa6 54. Nf4 Bg5 55. Qb5 Bxf4 56. Bxf4 Qxe6 57. Bc1 h6 58. Kb3 Qe1 59.
Bb2 Qd1# 0-1